| 000 | 00537nam a2200193Ia 4500 | ||
|---|---|---|---|
| 003 | OSt | ||
| 005 | 20250314170104.0 | ||
| 008 | 231217s9999 xx 000 0 und d | ||
| 020 | _a9780074632901 | ||
| 040 | _c0 | ||
| 041 | _aEnglish | ||
| 082 | _a001.6424JAV NAU;56 | ||
| 100 | _aNaughton, Patrick. | ||
| 245 | 0 | _aJava handbook: the authoritative guide to the java revolution | |
| 260 |
_c1996 _bTata McGraw-Hill _aNew Delhi |
||
| 300 | _axxiv, 424 | ||
| 650 | _aJava,handbook:,authoritative,java,revolution | ||
| 942 |
_cAA _2ddc |
||
| 999 |
_c196051 _d196051 |
||